000 00503nam a2200193Ia 4500
008 230125s9999 xx 000 0 und d
020 _a81-7809-095-3
041 _aeng
082 _a658
_bMAR
100 _aMarshall D R
_9113369
245 _aThe four elements of successful management
260 _c1999
_bMagna books pub co.
_aMumbai
300 _a208p
500 _aGeneral Management
650 _aManagement
700 _aMarshall D R
_9113369
906 _b17
999 _c90475
_d90475